Team-based fundraising step by step : a practical guide to improving results through teamwork /

Saved in:
Bibliographic Details
Main Author: Carlson, Mim, 1950-
Other Authors: Clarke, Cheryl, 1955-
Format: Book
Language:English
Published: San Francisco, CA : Jossey-Bass, 2000.
Edition:1st ed.
Series:Jossey-Bass nonprofit and public management series.
Subjects:
Tags: Add Tag
No Tags, Be the first to tag this record!
LEADER 01022cam a22003014a 4500
001 008498787-1
005 20020606104010.5
008 991124s2000 cau b 001 0 eng
010 |a  99059677  
020 |a 0787943673 (alk. paper) 
035 0 |a ocm42976840 
040 |a DLC  |c DLC 
042 |a pcc 
050 0 0 |a HV41.2  |b .C376 2000 
082 0 0 |a 658.15/224  |2 21 
100 1 |a Carlson, Mim,  |d 1950- 
245 1 0 |a Team-based fundraising step by step :  |b a practical guide to improving results through teamwork /  |c Mim Carlson, with Cheryl Clarke. 
250 |a 1st ed. 
260 |a San Francisco, CA :  |b Jossey-Bass,  |c 2000. 
300 |a xix, 119 p. ;  |c 28 cm. 
490 1 |a Jossey-Bass nonprofit & public management series 
504 |a Includes bibliographical references (p. 115) and index. 
650 0 |a Fund raising  |x Teamwork. 
650 0 |a Nonprofit organizations  |x Finance. 
700 1 |a Clarke, Cheryl,  |d 1955- 
830 0 |a Jossey-Bass nonprofit and public management series. 
988 |a 20020608 
906 |0 DLC